000
00335nam a22001457a 4500
008
221005b ||||| |||| 00| 0 eng d
020
_a
0073137332
041
_a
eng
080
_2
SITH EDITION
_a
159.9
082
_a
159.9 HETH
100
_a
24.1
101
_a
PSI
245
_a
CHILD PSYCHOLOGY
_c
HETHERINGTON .E.M
942
_2
udc
_c
BK
999
_c
58363
_d
58363